|
|
|
|
| LEADER |
00000nam a2200000 a 4500 |
| 001 |
vtls001327714 |
| 003 |
SK-MaSNL |
| 005 |
20260301005621.0 |
| 008 |
210928s1980 xr a 0 cze |
| 020 |
|
|
|c 48,00
|
| 035 |
|
|
|a SNK000280524
|
| 040 |
|
|
|a SNK
|b slo
|c SNK
|e AACR2
|
| 044 |
|
|
|a xr
|c CZ
|
| 080 |
|
|
|a 656.835.91(437)"1945/1979"(083.9)
|2 1981
|
| 110 |
2 |
|
|a Poštovní filatelistická služba (nakladatelství)
|4 aut
|9 220493
|
| 245 |
1 |
|
|a Katalog poštovních známek 1945-1979. Československo 1980
|c [spracoval POFIS]
|
| 260 |
|
|
|a Praha
|b Poštová filatelistická služba
|c 1980
|
| 300 |
|
|
|a 216 s.
|c 21 cm
|
| 650 |
0 |
7 |
|a známky poštové československé
|y 1945-1979
|x katalógy
|2 SNK
|9 290193
|
| 958 |
|
|
|a OND
|
| 999 |
|
|
|c 545712
|d 547642
|
| 952 |
|
|
|t P60, <03>, [BOOK], {603}
|a SNK
|b SNK
|y PREZ
|7 0
|p 17A0130932
|o snkOSC 14904/1980
|i snkK 836/98
|0 0
|1 0
|4 0
|d 1998-04-15
|l 0
|r 2005-01-02 00:00:00
|w 2026-02-23
|